| 000 | 00626nam a22001937a 4500 | ||
|---|---|---|---|
| 003 | PILC | ||
| 005 | 20160128082401.0 | ||
| 008 | 160128b xxu||||| |||| 00| 0 eng d | ||
| 020 | _a9781285081731 | ||
| 050 |
_aPN 4758 _b.Os82 2014 |
||
| 100 | _aOsgood, Ronald J. | ||
| 245 |
_aVisual storytelling : _bvideography and post production in the digital age / _cRonald J. Osgood, M. Joseph Hinshaw. |
||
| 250 | _aSecond edition. | ||
| 260 |
_aUSA : _bCengage, _c2014. |
||
| 300 |
_axvi, 352 pages : _billustrations ; _c24 cm. |
||
| 500 | _aIncludes glossary and index. | ||
| 650 | _aVisual storytelling. | ||
| 942 |
_2lcc _cBK _kFOR |
||
| 999 |
_c290449 _d290449 |
||